000 00553nam a22002057a 4500
005 20170124105957.0
010 _aA-169174
020 _c00.00
037 _bCen Lib/Ret
040 _aDPL
_bEN
082 _a340.03
_bBIS
100 _aBiswas, A. R.
_914952
245 _aEncyclopaedic law dictionary /
_cby A. R. Biswas
250 _a2nd ed
260 _aCalcutta
_bDebooks
_c1982
270 _aEastern Law House
_bCalcutta
300 _a694p.
_c23cm(Hb)
650 _aLaw
_vDictionary
_914953
942 _2ddc
_cEN
_h340.03
_mBIS
999 _c125617
_d125617